01012ncm a22002295a 4500001001100000005001700011008004100028080002000069100004300089245010200132254002300234260004500257300008000302490005800382500002400440500011400464500002600578650003100604852001100635952011900646999001700765C00011471c20241029143126.0950810s1891 ddrmtb n 1 ger d a785.74:787.1/.31 aScontrino, Antonio (d1850-1922)9833210aPräludium und Fuge E moll b: für 2 Violinen, Viola und Violoncell / cvon Antonio Scontrino. a[Kleine Partitur]. aLeipzig : bErnst Eulenburg, c[d. 1891] aPartitura (18 p.) ; c19 cm + eFolleto catálogo de librería editorial.0 aPayne´s kleine Partitur Ausgabe. Kammermusik ; v307 aN. pl. : E.E. 3319. aFecha de publicidad tomada de "The new Grove dictionsary of music and musicians", vol. 6, Stanley Sadie 1980. aLegado Pérez Casas.14aCuartetos de Cuerda.967384 jM-2384 001040708MUSICAaRABASFbRABASFcDP1d1995-08-11eDl0oM-2384p1012460r2024-10-15 09:09:37w2024-10-15yPARTA c11263d11263